Central Library OPAC University of Rajshahi

Israel of tomorrow / (Record no. 27155)

MARC details
000 -LEADER
fixed length control field 00758nam a2200265Ia 4500
001 - CONTROL NUMBER
control field 27155
003 - CONTROL NUMBER IDENTIFIER
rucl marc code BD-RjUL
005 - DATE AND TIME OF LATEST TRANSACTION
control field 20211209051123.0
008 - FIXED-LENGTH DATA ELEMENTS--GENERAL INFORMATION
fixed length control field 140324s1949 nyu 000 0 eng d
035 ## - SYSTEM CONTROL NUMBER
System control number (BD-RjUL)27226
040 ## - CATALOGING SOURCE
Original cataloging agency DLC
Transcribing agency OUN
Modifying agency SER
-- SLU
-- BOS
-- BD-RjUL
Language of cataloging eng
041 ## - LANGUAGE CODE
Language code of text/sound track or separate title eng
082 04 - DEWEY DECIMAL CLASSIFICATION NUMBER
Classification number 956.9
Author mark and year ISR V-1 1949
245 00 - TITLE STATEMENT
Title Israel of tomorrow /
Statement of responsibility, etc. edited by Leo Jung.
Number of part/section of a work Volume I
250 ## - EDITION STATEMENT
Edition statement 2nd en. & Rev. ed.
260 ## - PUBLICATION, DISTRIBUTION, ETC. (IMPRINT)
Place of publication, distribution, etc. New York :
Name of publisher, distributor, etc. Herald Square Press,
Date of publication, distribution, etc. 1949.
300 ## - PHYSICAL DESCRIPTION
Pagination viii, 311 p. ;
Size 24 cm.
650 #0 - SUBJECT ADDED ENTRY--TOPICAL TERM
Topical term or geographic name as entry element Jews.
9 (RLIN) 83364
Topical term or geographic name as entry element Jews
General subdivision Civilization.
9 (RLIN) 78092
Topical term or geographic name as entry element Israel
General subdivision Civilization.
9 (RLIN) 83365
700 1# - ADDED ENTRY--PERSONAL NAME
Personal name Jung, Leo,
Dates associated with a name 1892-1987.
942 ## - ADDED ENTRY ELEMENTS (KOHA)
Source of classification or shelving scheme Dewey Decimal Classification
Koha item type Books
Holdings
Lost status Source of classification or shelving scheme Damaged status Not for loan Collection code Permanent Location Current Location Shelving location Date acquired Source of acquisition Cost, normal purchase price Total Checkouts Full call number Date last seen Copy number Koha item type
  Dewey Decimal Classification   Added to bundle Non-fiction Central Library, University of Rajshahi Central Library, University of Rajshahi Reading Room 09/11/1966 A. I. Quraishi 14.00   956.9 ISR V-1 1949 24/03/2014 C-1 Books